IFM Opac

Auditing explained (Record no. 1120)

MARC details
000 -LEADER
fixed length control field 00324nam a2200145Ia 4500
020 ## - INTERNATIONAL STANDARD BOOK NUMBER
International Standard Book Number 0749405619
082 ## - DEWEY DECIMAL CLASSIFICATION NUMBER
Classification number 657.45 DUN
100 ## - MAIN ENTRY--PERSONAL NAME
Personal name Dunn, J.
9 (RLIN) 5720
245 ## - TITLE STATEMENT
Title Auditing explained
260 ## - PUBLICATION, DISTRIBUTION, ETC.
Place of publication, distribution, etc. London:
Name of publisher, distributor, etc. Kogan Page
Date of publication, distribution, etc. 1989
300 ## - PHYSICAL DESCRIPTION
Extent 122p. 21cm.
500 ## - GENERAL NOTE
General note Includes index
650 ## - SUBJECT ADDED ENTRY--TOPICAL TERM
Topical term or geographic name entry element Auditing
9 (RLIN) 5721
942 ## - ADDED ENTRY ELEMENTS (KOHA)
Koha item type Books
Holdings
Withdrawn status Lost status Damaged status Not for loan Collection code Home library Current library Shelving location Date acquired Total Checkouts Full call number Barcode Date last seen Price effective from Koha item type Source of classification or shelving scheme
        Non-fiction IFM Main Campus Library IFM Main Campus Library Archival Collection 09/20/2021   657.45 DUN 0000003344 05/15/2015 02/19/2022 Books  
      Not For Loan   IFM Main Campus Library IFM Main Campus Library   11/11/2015   657.45 DUN 0000003343 11/11/2015 11/11/2015 Books Dewey Decimal Classification